| 000 | 00709nam a2200241Ia 4500 | ||
|---|---|---|---|
| 003 | OSt | ||
| 005 | 20220928115659.0 | ||
| 006 | a|||||r|||| 00| 0 | ||
| 007 | ta | ||
| 008 | 220927b |||||||| |||| 00| 0 eng d | ||
| 024 | _a88506 | ||
| 037 | _cTextual | ||
| 040 |
_aSDCL _cSDCL _beng |
||
| 041 |
_2eng _aeng |
||
| 082 | _aV2:1941(zP)'N, P7 | ||
| 100 |
_aMehra Parshotam _9372225 |
||
| 245 | 0 |
_aEssays in frontier history _bIndia,China and the disputed border |
|
| 260 |
_aNew Delhi _bOxford University Press _c2007 |
||
| 300 |
_axi,306p _ccm. |
||
| 650 |
_aDefence Policy India China _9445514 |
||
| 942 |
_hV2:1941(zP)'N, P7 _cTEXL _2CC |
||
| 999 |
_c760442 _d760442 |
||